00827nam a2200229Ia 450000500170000000800410001702000180005804000360007604100080011210000270012024501320014725000110027926000580029030000480034865000390039665000170043565000440045265000240049665000270052070000210054770000290056820161116103758.0130821s2011 ck a gr spa  a9789584104182 aCo-BoUCMbspac[Nuevo]d[Nuevo]00aspa1 aSinisterra V., Gonzalo10aContabilidad sistema de información para las organizacionescGonzalo Sinisterra V., Luis Enrique Polanco I. y Harvey Henao G a6a ed. aBogotá (Colombia)bMcGraw-Hill Interamericanac2011 a348 páginasbgráficas, tablase1 CD-ROM04aContabilidad de activos corrientes04aContabilidad04aContabilidadxEfectos de la inflación04aEstados financieros04aPasivos (Contabilidad)1 aHenao G., Harvey1 aPolanco L., Luis Enrique